000 00333nam a2200133Ia 4500
005 20251222155118.0
008 251222s9999||||xx |||||||||||||| ||spa||
082 _aGIN.16
100 _aPALMA GUEVARA,Roberto.
245 0 _aGinecología-obstetricia y perinatología
250 _a1ra. ed.
264 _bUniversitaria
942 _cLIB
999 _c38335
_d38335